书目信息 |
| 题名: |
SQL Server 2000实用教程
|
|
| 作者: | 赵增敏 , 朱粹丹 编著 | |
| 分册: | ||
| 出版信息: | 大连 大连理工大学出版社 2004 |
|
| 页数: | 309页 | |
| 开本: | 26cm | |
| 丛书名: | ||
| 单 册: | ||
| 中图分类: | TP311.138SQ | |
| 科图分类: | ||
| 主题词: | 关系数据库--数据库管理系统--专业学校--教材 | |
| 电子资源: | ||
| ISBN: | 978-7-5611-1837-5 | |
| 000 | 01045nam0 2200265 450 | |
| 001 | 0100212543 | |
| 005 | 20020928000000.0 | |
| 010 | @a978-7-5611-1837-5@dCNY25.00 | |
| 100 | @a20020731d2002 em y0chiy0110 ea | |
| 101 | 0 | @achi |
| 102 | @aCN@b110000 | |
| 105 | @ay z 000yy | |
| 106 | @ar | |
| 200 | 1 | @aSQL Server 2000实用教程@9S Q L S e r v e r 2 0 0 0 Shi Yong Jiao Cheng @f姜广坤等主编@b专著 |
| 210 | @a大连@c大连理工大学出版社@d2004 | |
| 215 | @a309页@d26cm | |
| 300 | @a中等专业学校教材 中等职业技术教育教材 中国电子教育学会中专教育委员会 全国中专电子类教材协会推荐教材 | |
| 330 | @a本书详细介绍了SQL Server 2000中文版的使用方法和操作技巧,内容包括:SQL Server 2000使用基础,数据库的设计与管理,表的创建与管理,规则和触发器以及安全性管理等。 | |
| 606 | 0 | @a关系数据库@x数据库管理系统@x专业学校@j教材 |
| 610 | 0 | @aSQL Server |
| 690 | @aTP311.138SQ@v4 | |
| 701 | 0 | @a赵增敏@9zhao zeng min@4编著 |
| 701 | 0 | @a朱粹丹@9zhu cui dan@4编著 |
| 801 | 0 | @aCN@bAiZhiMarc@c20020802 |
| 905 | @aBZT@dTP311.138@e106@f5@sTP311.138/106 | |
| SQL Server 2000实用教程/姜广坤等主编.-大连:大连理工大学出版社,2004 |
| 309页;26cm |
| 中等专业学校教材 中等职业技术教育教材 中国电子教育学会中专教育委员会 全国中专电子类教材协会推荐教材 |
| ISBN 978-7-5611-1837-5:CNY25.00 |
| 本书详细介绍了SQL Server 2000中文版的使用方法和操作技巧,内容包括:SQL Server 2000使用基础,数据库的设计与管理,表的创建与管理,规则和触发器以及安全性管理等。 |
| ● |
| 相关链接 |
|
|
|
正题名:SQL Server 2000实用教程
索取号:TP311.138/106
 
预约/预借
| 序号 | 登录号 | 条形码 | 馆藏地/架位号 | 状态 | 备注 |
| 1 | 2000146089 | 2000146089 | 旧书回溯/ [索取号:TP311.138/106] | 在馆 | |
| 2 | 2000146090 | 2000146090 | 旧书回溯/ [索取号:TP311.138/106] | 在馆 | |
| 3 | 2000146091 | 2000146091 | 旧书回溯/ [索取号:TP311.138/106] | 在馆 | |
| 4 | 2000146092 | 2000146092 | 旧书回溯/ [索取号:TP311.138/106] | 在馆 | |
| 5 | 2000146093 | 2000146093 | 旧书回溯/ [索取号:TP311.138/106] | 在馆 |